01213nam a2200337 c 450000100060000000300100000600500170001600700030003300800410003602000180007704000350009504100080013008200200013810000390015824500750019725000220027226400510029430000680034533600270041333700330044033800280047349000170050152100410051854500660055965000360062565000240066165000300068594200120071599900170072795201310074459829CO-BoRNBP20251106221116.0ta210823s2011 ck ao er 000 0dspa d a9789588675534 aCO-BoRNBPbspaerdacCO-BoRNBP0 aspa04a635.9bR35f222 aRimache Artica, Mijaileaut96679010aFloricultura :bcultivo y comercialización /cMijail Rimache Artica. aPrimera edición 1aBogotá, Colombia :bEdiciones de la U,c2011 a251 páginas :bilustraciones, fotografías en blanco y negro atextobtxt2rdacontent asin mediaciónbn2rdamedia avolumenbnc2rdacarrier0 aAgropecuaria aRecomendado para un público adulto aIncluye datos biográficos del autor en la contra carátula07aAnatomía vegetal2lemb96679107aFlores2lemb96413007aFloricultura2lemb964131 2ddccBK c59829d59829 00102ddc40708GENaMEMAPJGAbMEMAPJGAcGENd2025-11-06l0o635.9 R35fpMPJG00843r2025-11-06 22:11:45tEj.1w2025-11-06yBK